Countries starting with L - Statistics

General Stats
  • This quiz has been taken 1,018 times
  • The average score is 7 of 9
Answer Stats
Answer % Correct
Lithuania
89%
Latvia
87%
Laos
83%
Libya
81%
Luxembourg
80%
Liberia
79%
Liechtenstein
77%
Lebanon
75%
Lesotho
68%
No matching quizzes found
Score Distribution
Percent of People with Each Score
Percentile by Number Answered
Your Score History
You have not taken this quiz